000 00658nam a2200193 a 4500
001 000021131
005 20200930011237.0
008 100831s19uu cu r 000 f spa d
020 _a847119032X
040 _aDO-SdBNP
_bspa
_cBNPHU
082 _aPR863.44
_bR696c
100 1 _aRodríguez Torres, Carmelo,
_d1941-
_944184
245 1 0 _aLa casa y la llama fiera /
_cCarmelo Rodríguez Torres.
260 _aLa Habana :
_bEdiciones Partenón,
_c[198?].
300 _a153 p. ;
_c18 cm.
590 _aLa biblioteca posee un ejemplar autobiografiado por el autor.
650 4 _aNovela puertorriqueña
_91185
650 4 _aLiteratura puertorriqueña
_ySIGLO XX
_95311
999 _c20633
_d20633